书目信息 |
| 题名: |
结构力学
|
|
| 作者: | 李廉锟 主编 | |
| 分册: | 下册 | |
| 出版信息: | 北京 高等教育出版社 2017.07 |
|
| 页数: | 176页 | |
| 开本: | 23cm | |
| 丛书名: | "十二五 " 普通高等教育本科国家级规划教材 | |
| 单 册: | ||
| 中图分类: | O342 | |
| 科图分类: | ||
| 主题词: | 固体力学 | |
| 电子资源: | ||
| ISBN: | 978-7-04-047974-4 | |
| 000 | 00956nam0 2200241 450 | |
| 001 | 2533098123 | |
| 005 | 20250303092058.53 | |
| 010 | @a978-7-04-047974-4@dCNY25.90 | |
| 100 | @a20250303d2017 km y0chiy0120 ea | |
| 101 | 0 | @achi |
| 102 | @aCN@b110000 | |
| 200 | 1 | @a结构力学@AJie Gou Li Xue@h下册@f李廉锟主编@FLi Lian Kun Zhu Bian |
| 205 | @a6版 | |
| 210 | @a北京@c高等教育出版社@d2017.07 | |
| 215 | @a176页@d23cm | |
| 225 | 2 | @a"十二五 " 普通高等教育本科国家级规划教材 |
| 300 | @a全书共分上下册, 上册内容包括 : 绪论、平面体系的机动分析、静定梁与静定刚架、静定拱、静定平面桁架、结构位移计算、力法、位移法、渐近法、矩阵位移法和影响线及其应用等11章及附录 ; 下册包括结构动力学、结构弹性稳定、结构的极限载荷和悬索计算等4章及附录。 | |
| 410 | 0 | @12001 @a"十二五 " 普通高等教育本科国家级规划教材 |
| 606 | 0 | @a固体力学 |
| 690 | @aO342@v4 | |
| 701 | 0 | @a李廉锟@ALi Lian Kun@4主编 |
| 801 | 0 | @aCN@b河南城建学院图书馆@c20250303 |
| 905 | @dO342@eL2032:2=6 | |
| 结构力学.下册/李廉锟主编.-6版.-北京:高等教育出版社,2017.07 |
| 176页;23cm.-("十二五 " 普通高等教育本科国家级规划教材) |
| 全书共分上下册, 上册内容包括 : 绪论、平面体系的机动分析、静定梁与静定刚架、静定拱、静定平面桁架、结构位移计算、力法、位移法、渐近法、矩阵位移法和影响线及其应用等11章及附录 ; 下册包括结构动力学、结构弹性稳定、结构的极限载荷和悬索计算等4章及附录。 |
| ISBN 978-7-04-047974-4:CNY25.90 |
| ● |
| 相关链接 |
|
|
|
正题名:结构力学
索取号:O342/L2032:2=6
 
预约/预借
| 序号 | 登录号 | 条形码 | 馆藏地/架位号 | 状态 | 备注 |
| 1 | 1554494 | 215544944 | 自科库401/401自科库 52排3列4层/ [索取号:O342/L2032:2=6] | 在馆 |